000 00497nam a2200169 i 4500
001 79525
003 ES-MaACL
005 20230906174009.0
007 t|
008 041021s1944 sp |||| | spa d
100 1 _aHerbette, Jean.
_962668
245 1 0 _aEmbajada en Moscú /
_cpor Jean Herbette.
260 _aMadrid :
_bALA,
_c1944 (
_eGuadalajara :
_fHipólito de Pablo)
300 _a293 p. ;
_c23 cm.
651 4 _aURSS-
_xPolítica exterior-
_y1900-1945.
_9167558
852 _aES-MaACL
_jF-16155
999 _c79525
_d79525